Estatísticas para Escudos de Clubes Brasileiros de Futebol #2

Clique aqui para jogar o quiz

Estatísticas Gerais

  • Esse quiz foi jogado 17 719 vezes
  • A pontuação média é 15 de 20

Estatísticas das Respostas

Resposta% Correto
Fluminense
99%
Vasco da Gama
92%
Corinthians
91%
Avaí
90%
Bahia
90%
Náutico
90%
Juventude
84%
Vitória
82%
Figueirense
81%
Paraná
79%
Íbis
77%
Sampaio Corrêa
77%
CSA
74%
Brasiliense
68%
Joinville
67%
Volta Redonda
65%
Paulista
57%
Luverdense
48%
Gama
44%
Nacional
19%

Distribuição das Pontuações

Percentil de Números Respondidos

Porcentagem de Pessoas com Cada Pontuação

Sua Pontuação Histórica

Você não jogou esse quiz